000 00591nam a2200253Ia 4500
005 20260121161057.0
008 008 260114s9999 xx 000 0 eng d
020 _a9780429459719
037 _aEBOOK
040 _aCRL
040 _beng
040 _cCRL
041 _2eng
041 _aeng
084 _qCRL
100 _a Roman Tomasic
_91039928
245 0 _aCompany Law in East Asia
260 _bTaylor and Francis
260 _c1999
856 _uhttp://www.taylorfrancis.com/books/9780429459719
942 _cEBOOK
999 _c1606744
_d1606744